[Event "Wch U18 Girls"]
[Site "Kemer"]
[Date "2007.11.28"]
[Round "11"]
[White "Mikadze, Miranda"]
[Black "Nikolova, Ettie"]
[Result "1-0"]
[WhiteElo "2255"]
[BlackElo "2049"]
[PlyCount "79"]
[EventDate "2007.11.18"]
[EventType "swiss"]
[EventRounds "11"]
[EventCountry "TUR"]
[SourceTitle "CBM 121 Extra"]
[Source "ChessBase"]
[SourceDate "2008.01.10"]
[SourceVersion "1"]
[SourceVersionDate "2008.01.10"]
[SourceQuality "1"]

1. e4 e6 2. d4 d5 3. Nc3 Nf6 4. Bg5 Bb4 5. exd5 Qxd5 6. Bxf6 Bxc3+ 7. bxc3 gxf6 8. Qd2 Nd7 9. Ne2 b6 10. Nf4 Qe4+ 11. Be2 Bb7 12. 0-0 0-0-0 13. Bd3 Qc6 14. f3 Qd6 15. a4 a5 16. Ne2 e5 17. Ng3 Nf8 18. Nf5 Qd7 19. Qe3 Ng6 20. Be4 Nf4 21. Nh6 Bxe4 22. fxe4 Kb7 23. d5 Qe7 24. Kh1 Qf8 25. Nf5 h5 26. Rab1 h4 27. c4 h3 28. g3 Ng6 29. Qc3 Qe8 30. Rb5 c6 31. Rxa5 cxd5 32. Rb1 Qc6 33. exd5 Qc7 34. Rab5 Rb8 35. a5 Kc8 36. axb6 Qd7 37. b7+ Kd8 38. Qa5+ Qc7 39. Qa6 Qd7 40. Qxf6+ 1-0

[Event "Wch U18 Girls"]
[Site "Kemer"]
[Date "2007.11.25"]
[Round "8"]
[White "Nikolova, Ettie"]
[Black "Boyarchenko, Marie"]
[Result "1-0"]
[WhiteElo "2049"]
[BlackElo "1794"]
[PlyCount "61"]
[EventDate "2007.11.18"]
[EventType "swiss"]
[EventRounds "11"]
[EventCountry "TUR"]
[SourceTitle "CBM 121 Extra"]
[Source "ChessBase"]
[SourceDate "2008.01.10"]
[SourceVersion "1"]
[SourceVersionDate "2008.01.10"]
[SourceQuality "1"]

1. e4 c5 2. Nf3 e6 3. Nc3 a6 4. d4 cxd4 5. Nxd4 Qc7 6. Bd3 Nf6 7. Qe2 d6 8. 0-0 Nbd7 9. Be3 b6 10. f4 Bb7 11. Bf2 g6 12. Rae1 Bg7 13. f5 gxf5 14. exf5 e5 15. Ne4 0-0-0 16. Nb3 Nxe4 17. Bxe4 d5 18. Bd3 b5 19. a4 e4 20. axb5 exd3 21. cxd3 axb5 22. Rc1 Bc6 23. Rxc6 Qxc6 24. Rc1 Qxc1+ 25. Nxc1 Rhe8 26. Qc2+ Kb7 27. Qb3 Kc6 28. Na2 Bf8 29. Nc3 Bc5 30. Qxd5+ Kb6 31. Qd6+ 1-0